[Event "Bad Woerishofen Seniors op 39th"]
[Site "Bad Woerishofen"]
[Date "2024.03.09"]
[Round "2"]
[White "Pirrot, Dieter"]
[Black "Schinnerl, Werner"]
[Result "1-0"]
[WhiteElo "2313"]
[BlackElo "1983"]
[PlyCount "67"]
[EventDate "2024.03.08"]
[EventType "swiss"]
[EventRounds "9"]
[EventCountry "GER"]
[SourceTitle "CB13_2024"]
[SourceDate "2024.03.27"]
[SourceVersion "1"]
[SourceVersionDate "2024.03.27"]
[SourceQuality "1"]

1. d4 Nf6 2. c4 e6 3. Nf3 b6 4. Nc3 Bb4 5. Bd2 Bb7 6. e3 Bxc3 7. Bxc3 Ne4 8. Rc1 0-0 9. Be2 d6 10. 0-0 f5 11. c5 Bd5 12. Nd2 Qg5 13. Nxe4 Bxe4 14. Bf3 a5 15. cxd6 cxd6 16. Bxe4 fxe4 17. Qb3 Qd5 18. Qxd5 exd5 19. Bd2 Ra7 20. Rc2 Kf7 21. f3 Ke6 22. Kf2 Raf7 23. Ke2 g6 24. Be1 g5 25. Rg1 h6 26. fxe4 dxe4 27. Bg3 Rd7 28. Rgc1 Na6 29. a3 Rff7 30. Rc6 h5 31. Rxb6 h4 32. d5+ Kxd5 33. Bxd6 Ra7 34. Rd1+ 1-0

[Event "Tirol Landesliga 2223"]
[Site "Austria"]
[Date "2023.02.12"]
[Round "6.5"]
[White "Wiege, Reinhard"]
[Black "Schinnerl, Werner"]
[Result "1-0"]
[WhiteElo "1969"]
[BlackElo "1954"]
[PlyCount "81"]
[EventDate "2022.10.01"]
[EventType "team-tourn"]
[EventRounds "9"]
[EventCountry "AUT"]
[SourceTitle "EXT 2024"]
[Source "ChessBase"]
[SourceDate "2023.10.10"]
[SourceVersion "1"]
[SourceVersionDate "2023.10.10"]
[SourceQuality "1"]
[WhiteTeam "Fuegen/Mayrhofen/Zillertal"]
[BlackTeam "Reutte"]
[WhiteTeamCountry "AUT"]
[BlackTeamCountry "AUT"]

1. e4 c5 2. Nc3 g6 3. f4 Bg7 4. Nf3 d6 5. Bc4 e6 6. 0-0 Ne7 7. f5 gxf5 8. d3 h6 9. Qe1 Nbc6 10. Bd2 Bd7 11. Nb5 Qb8 12. Bc3 e5 13. a4 a6 14. Na3 f4 15. b4 Nd4 16. Bxd4 cxd4 17. b5 0-0 18. Qb4 Qc7 19. Rab1 Rfb8 20. Qb3 Be8 21. Rb2 Qa5 22. Rfb1 axb5 23. Nxb5 Qxa4 24. Nxd6 Qxb3 25. Rxb3 Ra7 26. Nxe8 Rxe8 27. Rxb7 Rxb7 28. Rxb7 Kf8 29. Nh4 Bf6 30. Nf5 Bg5 31. h4 Bf6 32. Nxh6 Rc8 33. Bb3 Ra8 34. Nf5 Nxf5 35. Rxf7+ Ke8 36. Rxf6 Ng3 37. Kf2 Ra1 38. Kf3 Ra5 39. Kg4 Kd7 40. h5 Ra8 41. h6 1-0

[Event "Tirol Landesliga 2223"]
[Site "Austria"]
[Date "2023.02.11"]
[Round "5.5"]
[White "Schinnerl, Werner"]
[Black "Ritzer, Franz"]
[Result "1-0"]
[WhiteElo "1954"]
[BlackElo "2009"]
[PlyCount "71"]
[EventDate "2022.10.01"]
[EventType "team-tourn"]
[EventRounds "9"]
[EventCountry "AUT"]
[SourceTitle "EXT 2024"]
[Source "ChessBase"]
[SourceDate "2023.10.10"]
[SourceVersion "1"]
[SourceVersionDate "2023.10.10"]
[SourceQuality "1"]
[WhiteTeam "Reutte"]
[BlackTeam "Rochade Rum"]
[WhiteTeamCountry "AUT"]
[BlackTeamCountry "AUT"]

1. e4 c5 2. Nf3 d6 3. d4 cxd4 4. Nxd4 Nf6 5. Nc3 a6 6. Be2 e5 7. Nf5 d5 8. Bg5 d4 9. Bxf6 gxf6 10. Nb1 Qb6 11. Nd2 Qxb2 12. 0-0 Nc6 13. Nc4 Qb4 14. Rb1 Qc5 15. Nb6 Rb8 16. Nxc8 Rxc8 17. Rxb7 Nd8 18. Rb2 Ra8 19. Qb1 Qc6 20. Bd3 Bc5 21. Re1 0-0 22. Bc4 Qc7 23. Bd5 Ra7 24. Rb8 Ne6 25. Rxf8+ Bxf8 26. Qb3 Nf4 27. Qg3+ Kh8 28. Bb3 Qa5 29. f3 Rc7 30. Qh4 Qb6 31. Qf2 Bc5 32. Kh1 d3 33. Qg3 Bf8 34. Rd1 dxc2 35. Qg7+ Bxg7 36. Rd8+ 1-0

[Event "Innsbruck op-B 3rd"]
[Site "Innsbruck"]
[Date "2019.08.28"]
[Round "5"]
[White "Schinnerl, Werner"]
[Black "Walcher, Christian"]
[Result "1-0"]
[WhiteElo "1933"]
[BlackElo "1891"]
[PlyCount "37"]
[EventDate "2019.08.25"]
[EventType "swiss"]
[EventRounds "9"]
[EventCountry "AUT"]
[SourceTitle "EXT 2020"]
[Source "ChessBase"]
[SourceDate "2019.10.17"]
[SourceVersion "1"]
[SourceVersionDate "2019.10.17"]
[SourceQuality "1"]

1. e4 c5 2. Nf3 e6 3. d4 cxd4 4. Nxd4 Nf6 5. Nc3 Bb4 6. e5 Nd5 7. Qg4 g6 8. Bd2 Qa5 9. Ndb5 a6 10. Nd6+ Bxd6 11. exd6 Qb4 12. Nxd5 Qxb2 13. Bc3 Qa3 14. Nc7+ Kf8 15. Qd4 Rg8 16. Bd2 Rg7 17. Bh6 Qa5+ 18. Bd2 Nc6 19. Qxg7+ 1-0

[Event "Bodensee Seniors op"]
[Site "Bregenz"]
[Date "2019.06.01"]
[Round "7"]
[White "Eiler, Gebhard"]
[Black "Schinnerl, Werner"]
[Result "1-0"]
[WhiteElo "2016"]
[BlackElo "1930"]
[PlyCount "62"]
[EventDate "2019.05.26"]
[EventType "swiss"]
[EventRounds "7"]
[EventCountry "AUT"]
[SourceTitle "CBM 190 Extra"]
[Source "ChessBase"]
[SourceDate "2019.07.15"]
[SourceVersion "1"]
[SourceVersionDate "2019.07.15"]
[SourceQuality "1"]

1. d4 f5 2. Bg5 b6 3. Nc3 Bb7 4. f3 h6 5. Bh4 g5 6. Bf2 Nf6 7. d5 Bg7 8. e4 e6 9. Bc4 exd5 10. exd5 Qe7+ 11. Nge2 d6 12. 0-0 0-0 13. Nd4 Nh5 14. Ne6 Rc8 15. Nxg7 Nxg7 16. Ne2 Nd7 17. Re1 Qf7 18. f4 Re8 19. Qd2 Nc5 20. Nc3 Ne4 21. Nxe4 fxe4 22. fxg5 hxg5 23. Qxg5 Re5 24. Qg4 Bxd5 25. Bd4 Bxc4 26. Bxe5 dxe5 27. Qxe4 Re8 28. Rad1 Qf6 29. b3 Bb5 30. Qd5+ Ne6 31. Qxb5 Nf4 1-0

[Event "Bodensee Seniors op"]
[Site "Bregenz"]
[Date "2019.05.31"]
[Round "6"]
[White "Thielemann, Joachim"]
[Black "Schinnerl, Werner"]
[Result "0-1"]
[WhiteElo "1754"]
[BlackElo "1930"]
[PlyCount "80"]
[EventDate "2019.05.26"]
[EventType "swiss"]
[EventRounds "7"]
[EventCountry "AUT"]
[SourceTitle "CBM 190 Extra"]
[Source "ChessBase"]
[SourceDate "2019.07.15"]
[SourceVersion "1"]
[SourceVersionDate "2019.07.15"]
[SourceQuality "1"]

1. e4 c5 2. Nc3 Nc6 3. g3 g6 4. Bg2 Bg7 5. Nge2 e6 6. 0-0 Nge7 7. d3 d6 8. Be3 Rb8 9. a3 b5 10. Qd2 0-0 11. Rfb1 Nd4 12. f4 Qb6 13. Kh1 Nec6 14. h3 a5 15. g4 f5 16. g5 Bd7 17. Ng3 b4 18. Nce2 b3 19. Nxd4 Nxd4 20. Bxd4 bxc2 21. Qxc2 Bxd4 22. Ne2 Be3 23. b4 cxb4 24. axb4 axb4 25. exf5 Rxf5 26. Be4 Rc5 27. Qb2 d5 28. Bg2 d4 29. Rf1 Qd6 30. Qb3 Bc6 31. Be4 Bxe4+ 32. dxe4 d3 33. Rf3 dxe2 34. Rxe3 Qxf4 35. Qxe6+ Qf7 36. Qxf7+ Kxf7 37. Ra7+ Ke6 38. Rxe2 b3 39. Ra1 b2 40. Rb1 Rc1+ 0-1

[Event "Bad Woerishofen op 31st"]
[Site "Bad Woerishofen"]
[Date "2015.03.02"]
[Round "4"]
[White "Stull, Norbert"]
[Black "Schinnerl, Werner"]
[Result "1-0"]
[WhiteElo "2045"]
[BlackElo "1952"]
[PlyCount "71"]
[EventDate "2015.02.27"]
[EventType "swiss"]
[EventRounds "9"]
[EventCountry "GER"]
[SourceTitle "CBM 165 Extra"]
[Source "ChessBase"]
[SourceDate "2015.04.21"]
[SourceVersion "1"]
[SourceVersionDate "2015.04.21"]
[SourceQuality "1"]

1. d4 Nf6 2. Nf3 g6 3. c4 Bg7 4. Nc3 0-0 5. e4 d6 6. Be2 e5 7. 0-0 Nc6 8. d5 Ne7 9. Ne1 Nd7 10. Be3 f5 11. f3 f4 12. Bf2 g5 13. a4 a5 14. Nd3 b6 15. Be1 Nf6 16. Nf2 Rf7 17. Nb5 h5 18. h3 Ng6 19. b4 axb4 20. Bxb4 Nh4 21. a5 Bb7 22. axb6 Ne8 23. bxc7 Qc8 24. Rxa8 Qxa8 25. Nxd6 Nxd6 26. Bxd6 g4 27. hxg4 Bf6 28. g5 Rg7 29. gxf6 Rxg2+ 30. Kh1 Qe8 31. Rg1 Qg6 32. Qf1 Rg3 33. Bxe5 Qg5 34. Bxf4 Qxf4 35. Rxg3+ Qxg3 36. Qg1 1-0

[Event "Bad Woerishofen op 31st"]
[Site "Bad Woerishofen"]
[Date "2015.02.27"]
[Round "1"]
[White "Schinnerl, Werner"]
[Black "Guttenthaler, Franz"]
[Result "0-1"]
[WhiteElo "1952"]
[BlackElo "2243"]
[PlyCount "64"]
[EventDate "2015.02.27"]
[EventType "swiss"]
[EventRounds "9"]
[EventCountry "GER"]
[SourceTitle "CBM 165 Extra"]
[Source "ChessBase"]
[SourceDate "2015.04.21"]
[SourceVersion "1"]
[SourceVersionDate "2015.04.21"]
[SourceQuality "1"]

1. e4 e6 2. d4 d5 3. Nc3 Nf6 4. Bg5 Bb4 5. e5 h6 6. Bd2 Bxc3 7. Bxc3 Ne4 8. Bb4 b6 9. Qg4 Qg5 10. Qxg5 hxg5 11. Bd3 f5 12. Ne2 g4 13. Bxe4 dxe4 14. c4 Ba6 15. b3 Nc6 16. Bc3 0-0-0 17. 0-0-0 g5 18. Ng3 Ne7 19. Bb4 Ng6 20. d5 exd5 21. cxd5 Nxe5 22. Bc3 Nd3+ 23. Rxd3 Bxd3 24. Bxh8 Rxh8 25. Nxf5 Rf8 26. Ne3 Rxf2 27. a3 Re2 28. Nxg4 Rxg2 29. h3 Rc2+ 30. Kd1 Rb2 31. Re1 Rxb3 32. Nf2 Rxa3 0-1

[Event "Bad Woerishofen op 29th"]
[Site "Bad Woerishofen"]
[Date "2013.03.03"]
[Round "3"]
[White "Dewenter, Ulf"]
[Black "Schinnerl, Werner"]
[Result "1-0"]
[WhiteElo "2157"]
[BlackElo "1893"]
[PlyCount "45"]
[EventDate "2013.03.01"]
[EventType "swiss"]
[EventRounds "9"]
[EventCountry "GER"]
[SourceTitle "CBM 153 Extra"]
[Source "ChessBase"]
[SourceDate "2013.04.22"]
[SourceVersion "1"]
[SourceVersionDate "2013.04.22"]
[SourceQuality "1"]

1. f4 c5 2. Nf3 g6 3. e4 Bg7 4. Nc3 e6 5. e5 Nc6 6. Ne4 Bf8 7. d4 f5 8. Nxc5 Nxd4 9. Qxd4 Qc7 10. Be3 Ne7 11. 0-0-0 Nd5 12. Nd3 a5 13. Kb1 b5 14. Rc1 b4 15. g4 fxg4 16. Ng5 Ba6 17. Ne4 Qc6 18. Nf6+ Nxf6 19. exf6 Qxh1 20. f7+ Kxf7 21. Qxh8 Bg7 22. Qxh7 Rh8 23. Ne5+ 1-0

[Event "Bad Woerishofen op 28th"]
[Site "Bad Woerishofen"]
[Date "2012.03.06"]
[Round "5"]
[White "Schinnerl, Werner"]
[Black "Kuempers, Ulrich"]
[Result "1/2-1/2"]
[WhiteElo "1921"]
[BlackElo "2073"]
[PlyCount "37"]
[EventDate "2012.03.02"]
[EventType "swiss"]
[EventRounds "9"]
[EventCountry "GER"]
[SourceTitle "EXT 2019"]
[Source "ChessBase"]
[SourceDate "2018.10.10"]
[SourceVersion "1"]
[SourceVersionDate "2018.10.10"]
[SourceQuality "1"]

1. e4 c6 2. d4 d5 3. e5 Bf5 4. h4 h5 5. Bg5 Qb6 6. Bd3 Bxd3 7. Qxd3 e6 8. Nc3 c5 9. Qb5+ Qxb5 10. Nxb5 Kd7 11. Ne2 a6 12. Nbc3 b5 13. Be3 Nc6 14. f4 cxd4 15. Nxd4 Nxd4 16. Bxd4 Nh6 17. Ne2 Nf5 18. Bf2 Be7 19. Nd4 1/2-1/2

[Event "Bad Woerishofen op 28th"]
[Site "Bad Woerishofen"]
[Date "2012.03.05"]
[Round "4"]
[White "Goris, Ton"]
[Black "Schinnerl, Werner"]
[Result "0-1"]
[WhiteElo "2027"]
[BlackElo "1921"]
[PlyCount "38"]
[EventDate "2012.03.02"]
[EventType "swiss"]
[EventRounds "9"]
[EventCountry "GER"]
[SourceTitle "EXT 2019"]
[Source "ChessBase"]
[SourceDate "2018.10.10"]
[SourceVersion "1"]
[SourceVersionDate "2018.10.10"]
[SourceQuality "1"]

1. e4 e5 2. Nf3 Nc6 3. d4 exd4 4. c3 Qe7 5. cxd4 Qxe4+ 6. Be3 Bb4+ 7. Nc3 Nf6 8. Bd3 Qe7 9. 0-0 Bxc3 10. bxc3 d5 11. Bg5 0-0 12. Re1 Qd6 13. Qb3 Ne7 14. Re3 c6 15. Rae1 Ng6 16. Ne5 b6 17. Rf3 Ne4 18. Nxg6 Nxg5 19. Rfe3 hxg6 0-1

[Event "Bad Woerishofen op 28th"]
[Site "Bad Woerishofen"]
[Date "2012.03.02"]
[Round "1"]
[White "Schinnerl, Werner"]
[Black "Leiber, Bernhard"]
[Result "0-1"]
[WhiteElo "1921"]
[BlackElo "2190"]
[PlyCount "134"]
[EventDate "2012.03.02"]
[EventType "swiss"]
[EventRounds "9"]
[EventCountry "GER"]
[SourceTitle "EXT 2019"]
[Source "ChessBase"]
[SourceDate "2018.10.10"]
[SourceVersion "1"]
[SourceVersionDate "2018.10.10"]
[SourceQuality "1"]

1. e4 c6 2. d4 d5 3. e5 Bf5 4. h4 h6 5. g4 Be4 6. f3 Bh7 7. Bd3 Bxd3 8. Qxd3 e6 9. Ne2 Ne7 10. Ng3 Nd7 11. f4 c5 12. c3 Qb6 13. Nd2 cxd4 14. cxd4 Nc6 15. Nf3 Nb4 16. Qd1 Qb5 17. Ne2 Rc8 18. 0-0 h5 19. g5 g6 20. Nc3 Qd3 21. Qxd3 Nxd3 22. Rd1 Nb4 23. a3 Nc6 24. Bd2 a6 25. b4 Nb6 26. Rac1 Nc4 27. Na4 b5 28. Nc5 Nxd2 29. Nxd2 Nxd4 30. Kf2 Bxc5 31. bxc5 Kd7 32. Rb1 Rc6 33. Rb4 Nf5 34. Nb3 Rhc8 35. a4 bxa4 36. Rxa4 Nxh4 37. Rb4 Nf5 38. Rb7+ R8c7 39. Rb8 Rc8 40. Rb7+ Ke8 41. Rb6 Ne7 42. Ra1 Rxb6 43. cxb6 Rb8 44. Rxa6 Nc8 45. Nc5 Rxb6 46. Ra8 Rc6 47. Nb7 Ke7 48. Na5 Rc7 49. Rb8 Kd7 50. Nb3 Rc2+ 51. Kf1 Kc7 52. Ra8 Kb7 53. Ra1 Nb6 54. Rb1 Kc7 55. Nd4 Rc4 56. Rd1 Rb4 57. Ke2 Nc4 58. Ra1 Kb7 59. Ra2 Rb2+ 60. Rxb2+ Nxb2 61. Nb5 Nc4 62. Nd4 Kb6 63. f5 exf5 64. Nxf5 gxf5 65. e6 fxe6 66. g6 Ne5 67. g7 Ng4 0-1

[Event "AUT-chT2W 9900"]
[Site "Austria"]
[Date "2000.03.04"]
[Round "10"]
[White "Schinnerl, Werner"]
[Black "Maier, Peter"]
[Result "1/2-1/2"]
[WhiteElo "1925"]
[BlackElo "2085"]
[PlyCount "32"]
[EventDate "1999.10.15"]
[EventType "team"]
[EventRounds "11"]
[EventCountry "AUT"]
[SourceTitle "EXT 2000"]
[Source "ChessBase"]
[SourceDate "1999.11.16"]
[SourceVersion "1"]
[SourceVersionDate "1999.11.16"]
[SourceQuality "1"]

1. e4 g6 2. d4 Bg7 3. Nf3 d6 4. Bc4 Nf6 5. Nc3 0-0 6. h3 c6 7. Be3 d5 8. exd5 cxd5 9. Bb3 Nc6 10. 0-0 Na5 11. Re1 a6 12. Bg5 e6 13. Qd2 Qc7 14. Bf4 Qd8 15. Bg5 Qc7 16. Bf4 Qd8 1/2-1/2

[Event "Graz op-B"]
[Site "Graz"]
[Date "1999.??.??"]
[Round "8"]
[White "Schinnerl, Werner"]
[Black "Koelldorfer, Franz"]
[Result "1-0"]
[WhiteElo "1925"]
[BlackElo "1860"]
[PlyCount "139"]
[EventDate "1999.09.17"]
[EventType "swiss"]
[EventRounds "9"]
[EventCountry "AUT"]
[SourceTitle "EXT 2001"]
[Source "ChessBase"]
[SourceDate "2000.11.22"]
[SourceVersion "1"]
[SourceVersionDate "2000.11.22"]
[SourceQuality "1"]

1. e4 c6 2. d4 d5 3. exd5 cxd5 4. Bd3 Nc6 5. c3 Qc7 6. Ne2 e6 7. Bf4 Bd6 8. Bg3 Nge7 9. 0-0 0-0 10. Bxd6 Qxd6 11. Ng3 Ng6 12. Nd2 Bd7 13. Qh5 Qf4 14. Nf3 Rae8 15. Ng5 h6 16. Nxf7 Nh4 17. Ne5 Nxe5 18. Qxe5 Qd2 19. Qe2 Qg5 20. Qe3 Qd8 21. f4 Qb6 22. Rf2 Rf7 23. Raf1 a5 24. Qe5 Bb5 25. Bxb5 Qxb5 26. Re1 a4 27. f5 Qd3 28. fxe6 Rxf2 29. Kxf2 a3 30. bxa3 Qxc3 31. e7 Qc2+ 32. Re2 Qc6 33. Nh5 Qg6 34. Qxd5+ Kh7 35. Qe4 Nf5 36. g4 Nxe7 37. Qxg6+ Kxg6 38. d5 Rf8+ 39. Kg3 Nxd5 40. Re6+ Kf7 41. Rd6 Ne3 42. Rd7+ Ke8 43. Rxg7 Nf1+ 44. Kg2 Ne3+ 45. Kh3 Rf3+ 46. Ng3 Nc4 47. Rxb7 Rxa3 48. Rb4 Nd2 49. Rb2 Nc4 50. Rf2 Nd6 51. Kh4 Nf7 52. Kh5 Ra6 53. h4 Kf8 54. g5 hxg5 55. hxg5 Kg8 56. Nf5 Ne5 57. Ne7+ Kg7 58. Nf5+ Kg8 59. Nh6+ Kg7 60. Rb2 Ng6 61. Rb7+ Kh8 62. Rb8+ Kh7 63. Rb7+ Kh8 64. Nf5 Nf4+ 65. Kg4 Ra4 66. Nh6 Nd5+ 67. Kf5 Rxa2 68. g6 Rf2+ 69. Ke5 Rg2 70. Rh7# 1-0